| 000 | 00379nam a2200145 a 4500 | ||
|---|---|---|---|
| 001 | 3296 | ||
| 003 | CDMR | ||
| 005 | 20130116135242.0 | ||
| 008 | 130130s1971||||||||||||||||||||||||||||d | ||
| 040 |
_aCDMR _bcat _cCDMR |
||
| 100 | 1 |
_aThoveron, Gabriel _92383 |
|
| 245 | 1 | 0 | _aRadio et télévision dans la vie quotidienne |
| 260 |
_aBruxelles _c1971 _bInstitut de Sociologie |
||
| 942 | _cMON | ||
| 999 |
_c3296 _d3296 |
||